Statistics for Washington Capitals Roster 2015-16 Hockey

Click here to take the quiz!

General Stats

  • This quiz has been taken 161 times
  • The average score is 13 of 22

Answer Stats

Jersey No.Answer% Correct
8Ovechkin
98%
19Backstrom
95%
70Holtby
91%
74Carlson
89%
77Oshie
88%
92Kuznetsov
87%
43Wilson
79%
9Orlov
69%
44Orpik
66%
83Beagle
63%
2Niskanen
60%
65Burakovsky
59%
27Alzner
55%
31Grubauer
51%
90Johansson
48%
21Laich
46%
14Williams
46%
25Chimera
45%
88Schmidt
41%
46Latta
30%
4Chorney
25%
49Galiev
19%

Score Distribution

Percentile by Number Answered

Percent of People with Each Score

Your Score History

You have not taken this quiz